logo

Bir Sreshtho Munshi Abdur Rouf Library
Jhenaidah Cadet College

সারাবছর, প্রতিদিন নবীজীর গল্প / (Record no. 12492)

MARC details
000 -LEADER
fixed length control field 01102nam a2200265 a 4500
001 - CONTROL NUMBER
JCCL Control Number 12492
003 - CONTROL NUMBER IDENTIFIER
JCCL marc code BD-JhCC
005 - DATE AND TIME OF LATEST TRANSACTION
control field 20230828084814.0
008 - FIXED-LENGTH DATA ELEMENTS--GENERAL INFORMATION
fixed length control field 220312b2021 bg |||| ||a| 000 0 ben d
020 ## - INTERNATIONAL STANDARD BOOK NUMBER
International Standard Book Number 9789849492955
035 ## - SYSTEM CONTROL NUMBER
system control number (BD-JhCC)12492
040 ## - CATALOGING SOURCE
Original cataloging agency BD-JhCC
Modifying agency BD-JhCC
041 ## - LANGUAGE CODE
Language code of Book Bengali
082 ## - DEWEY DECIMAL CLASSIFICATION NUMBER
Classification number 297.63
Author mark and Year DAM 2021
100 ## - MAIN ENTRY--PERSONAL NAME
Personal name দামলা, নূরদান
245 ## - TITLE STATEMENT
Title সারাবছর, প্রতিদিন নবীজীর গল্প /
Statement of responsibility, etc নূরদান দামলা, অনু: হামদুল্লাহ লাবীব, সম্পা: মাওলানা সৈয়দ আবদুল্লাহিল কাইয়ুম।
260 ## - PUBLICATION, DISTRIBUTION, ETC. (IMPRINT)
Place of publication, distribution, etc ঢাকা :
Name of publisher, distributor, etc মাকতাবাতুল ফুরকান;
Date of publication, distribution, etc ২০২১.
300 ## - PHYSICAL DESCRIPTION
Pagination 424 p. :
Dimensions 22 cm.
600 ## - SUBJECT ADDED ENTRY--PERSONAL NAME
Personal name Muhammad, Prophet
650 ## - SUBJECT ADDED ENTRY--TOPICAL TERM
Topical term or geographic name as entry element Muslims
700 ## - ADDED ENTRY--PERSONAL NAME
Personal name লাবীব, হামদুল্লাহ
700 ## - ADDED ENTRY--PERSONAL NAME
Personal name কাইয়ুম,মাওলানা সৈয়দ আবদুল্লাহিল
942 ## - ADDED ENTRY ELEMENTS (KOHA)
Source of classification or shelving scheme Dewey Decimal Classification
Koha item type Books
Koha issues (borrowed), all copies 2
Holdings
Source of classification or shelving scheme Damaged status Not for loan Home library Current library Shelving location Date of accession Cost, normal purchase price Total Checkouts Full call number Barcode Date last seen Date checked out Copy number Koha item type Method of acquisition Currency
Dewey Decimal Classification     JCC Rouf Library JCC Rouf Library General Stacks 05/10/2023 360.00 6 297.63 DAM 2021 16657 02/20/2025 02/06/2025 C-1 Books    
Dewey Decimal Classification     JCC Rouf Library JCC Rouf Library General Stacks 06/23/2023 360.00 3 297.63 DAM 2021 18197 09/01/2025 08/04/2025 C-2 Books Purchase BDT

JCC Library | Contacts | JCC Home

Last Update on 23 September 2017
Copyright @ 2017-2020 JCC Rouf Library
Rouf Library, Jhenidah Cadet College (JCC), Bangladesh